Những kỷ lục của thế kỷ XX /

Sách tập hợp giới thiệu những kỷ lục con người đạt được trong các lĩnh vực văn hoá, thể thao, nghệ thuật, y học...

Gorde:
Xehetasun bibliografikoak
Egile nagusia: Khắc Lê.
Formatua: Liburua
Hizkuntza:Vietnamese
Argitaratua: Tp.HCM : Nxb Trẻ, 2000.
Gaiak:
Etiketak: Etiketa erantsi
Etiketarik gabe, Izan zaitez lehena erregistro honi etiketa jartzen!
Thư viện lưu trữ: Mạng thư viện Đại học Đà Nẵng
LEADER 00969cam a2200337 i 4500
001 000046720
003 6225
005 20031006072716.0
008 010306b2000 vm 000 vie
020 |c 25000 
040 |a IRC  |c IRC  |d IRC 
041 0 |a vie 
082 1 4 |a 001  |b KH-L 
100 1 |a Khắc Lê. 
245 0 6 |a Những kỷ lục của thế kỷ XX /  |c Khắc Lê. 
260 |a Tp.HCM :  |b Nxb Trẻ,  |c 2000. 
300 |a 197tr. ;  |c 24cm. 
520 3 |a Sách tập hợp giới thiệu những kỷ lục con người đạt được trong các lĩnh vực văn hoá, thể thao, nghệ thuật, y học... 
630 0 4 |a Kiến thức. 
630 0 4 |a Kỷ lục thế giới. 
650 0 4 |a Kỷ lục thế giới. 
OWN |a DUT 
999 |a From the UDN01 
TYP |a Monograph 
TYP |a Printed language 
980 |a Mạng thư viện Đại học Đà Nẵng